| 000 -LEADER |
| fixed length control field |
03460cam a2200361 a 4500 |
| 001 - CONTROL NUMBER |
| control field |
15208610 |
| 003 - CONTROL NUMBER IDENTIFIER |
| control field |
NUST |
| 005 - DATE AND TIME OF LATEST TRANSACTION |
| control field |
20240229115819.0 |
| 008 - FIXED-LENGTH DATA ELEMENTS--GENERAL INFORMATION |
| fixed length control field |
080306s2008 pauabf b 001 0 eng |
| 010 ## - LIBRARY OF CONGRESS CONTROL NUMBER |
| LC control number |
2008010532 |
| 020 ## - INTERNATIONAL STANDARD BOOK NUMBER |
| International Standard Book Number |
9780812220377 |
| 035 ## - SYSTEM CONTROL NUMBER |
| System control number |
(OCoLC)213599296 |
| 038 ## - RECORD CONTENT LICENSOR |
| Staff Name |
Malang Jan |
| 040 ## - CATALOGING SOURCE |
| Original cataloging agency |
DLC |
| Transcribing agency |
DLC |
| Modifying agency |
BTCTA |
| -- |
BAKER |
| -- |
YDXCP |
| -- |
C#P |
| -- |
CDX |
| -- |
BWX |
| -- |
IXA |
| -- |
DLC |
| 050 00 - LIBRARY OF CONGRESS CALL NUMBER |
| Classification number |
HT241 |
| Item number |
.G76 2008 |
| 082 00 - DEWEY DECIMAL CLASSIFICATION NUMBER |
| Classification number |
307.76 |
| Edition number |
22 |
| Author Mark |
GRO |
| 245 00 - TITLE STATEMENT |
| Title |
Growing greener cities : |
| Remainder of title |
urban sustainability in the twenty-first century / |
| Statement of responsibility, etc. |
edited by Eugenie L. Birch and Susan M. Wachter. |
| 260 ## - PUBLICATION, DISTRIBUTION, ETC. |
| Place of publication, distribution, etc. |
Philadelphia : |
| Name of publisher, distributor, etc. |
University of Pennsylvania Press, |
| Date of publication, distribution, etc. |
c2008. |
| 300 ## - PHYSICAL DESCRIPTION |
| Extent |
xii, 392 p., [16] p. of plates : |
| Other physical details |
ill. (some col.), maps (some col.) ; |
| Dimensions |
23 cm. |
| 490 1# - SERIES STATEMENT |
| Series statement |
The city in the twenty-first century |
| 504 ## - BIBLIOGRAPHY, ETC. NOTE |
| Bibliography, etc. note |
Includes bibliographical references and index. |
| 505 0# - FORMATTED CONTENTS NOTE |
| Formatted contents note |
Preface: common ground, common good / Amy Gutmann -- Introduction: urban greening and the green city ideal / Eugenie L. Birch and Susan M. Wachter -- Greening at every scale: nation to roof tops -- Taking the initiative: why cities are greening now / Tom Daniels -- Growing greener regions / Robert D. Yaro and David M. Kooris -- The inter-regional dimension: the greening of London and the wider South East / Robin Thompson -- Greening cities: a public realm approach / Alexander Garvin -- Growing greener, New York style / Rachel Weinberger -- Greener homes, greener cities: expanding affordable housing and strengthening cities through sustainable residential development / Stockton Williams and Dana L. Bourland -- Getting greening done -- Urban stream restoration: recovering ecological services in degraded watersheds / Rutherford H. Platt ... [et al.] -- The role of citizen activists in urban infrastructure development / Paul R. Brown -- Blue-green practices: why they work and why they have been so difficult to implement through public policy / Charlie Miller -- The roots of the urban greening movement / Victor Rubin -- Leveraging media for social change / Harry Wiland and Dale Bell -- Transformation through greening / J. Blaine Bonham, Jr., and Patricia L. Smith -- Community development finance and the green city / Jeremy Nowak -- Growing edible cities / Domenic Vitiello -- Measuring urban greening -- Ecosystem services and the green city / Dennis D. Hirsch -- Metro nature: its functions, benefits, and values / Kathleen L. Wolf -- Green investment strategies: how they matter for urban neighborhoods / Susan M. Wachter, Kevin C. Gillen, and Carolyn R. Brown -- Measuring the economic impacts of greening: the center for neighborhood technology green values calculator / Julia Kennedy, Peter Haas, and Bill Eyring -- What makes today's green city? / Warren Karlenzig -- Afterword / Neal Peirce -- List of contributors. |
| 650 #0 - SUBJECT ADDED ENTRY--TOPICAL TERM |
| Topical term or geographic name entry element |
Urban ecology (Sociology) |
| 9 (RLIN) |
927 |
| 650 #0 - SUBJECT ADDED ENTRY--TOPICAL TERM |
| Topical term or geographic name entry element |
City planning |
| General subdivision |
Environmental aspects. |
| 9 (RLIN) |
929 |
| 650 #0 - SUBJECT ADDED ENTRY--TOPICAL TERM |
| Topical term or geographic name entry element |
Urban beautification |
| General subdivision |
Environmental aspects. |
| 9 (RLIN) |
121685 |
| 700 1# - ADDED ENTRY--PERSONAL NAME |
| Personal name |
Birch, Eugenie Ladner. |
| 9 (RLIN) |
121686 |
| 700 1# - ADDED ENTRY--PERSONAL NAME |
| Personal name |
Wachter, Susan M. |
| 9 (RLIN) |
121687 |
| 830 #0 - SERIES ADDED ENTRY--UNIFORM TITLE |
| Uniform title |
City in the twenty-first century book series. |
| 9 (RLIN) |
121688 |
| 856 41 - ELECTRONIC LOCATION AND ACCESS |
| Materials specified |
Table of contents only |
| Uniform Resource Identifier |
<a href="http://www.loc.gov/catdir/toc/ecip0813/2008010532.html">http://www.loc.gov/catdir/toc/ecip0813/2008010532.html</a> |
| 906 ## - LOCAL DATA ELEMENT F, LDF (RLIN) |
| a |
7 |
| b |
cbc |
| c |
orignew |
| d |
1 |
| e |
ecip |
| f |
20 |
| g |
y-gencatlg |
| 942 ## - ADDED ENTRY ELEMENTS (KOHA) |
| Source of classification or shelving scheme |
|
| Koha item type |
Book |